ფსიქოლოგიური გამოკვლევები. N 6 / (ბიბ.ჩანაწერი № 40862)
[ მარტივი ფორმატი ]
| 000 -ლიდერი | |
|---|---|
| ფიქსირებული სიგრძის საკონტროლო ველი | 01464nam a2200253Ia 4500 |
| 001 - საკონტროლო ნომერი | |
| საკონტროლო ველი | 7504 |
| 003 - საკონტროლო ნომრის იდენტიფიკატორი | |
| საკონტროლო ველი | GE_BSU |
| 005 - ბოლო ოპერაციის თარიღი და დრო | |
| საკონტროლო ველი | 20200108122027.0 |
| 008 - ფიქსირებული სიგრძის მონაცემთა ელემენტები - ზოგადი ინფორმაცია | |
| ფიქსირებული სიგრძის საკონტროლო ველი | 181216s2013||||ge |||||||||||||| ||geo|| |
| 020 ## - წიგნის საერთაშორისო სტანდარტული ნომერი | |
| International Standard Book Number | 1987-7579 |
| 040 ## - კატალოგიზაციის წყარო | |
| Transcribing agency | GE_BSU |
| 041 ## - ენის კოდი | |
| Language code of text/sound track or separate title | geo |
| 080 ## - უნივერსალური ათობითი კლასიფიკაციის ინდექსი | |
| Universal Decimal Classification number | 159.9.07 ფ–96 |
| 245 ## - ცნობა სათაურის შესახებ | |
| Title | ფსიქოლოგიური გამოკვლევები. N 6 / |
| Statement of responsibility, etc | რედაქტორები: ნოდარ ბარამიძე, გურამ ჩაგანავა. |
| 264 ## - წარმოების, გამოცემის, დისტრიბუციის და სხვა ცნობები | |
| გამოცემის, წარმოების, დისტრიბუციის... ადგილი | ბათუმი : |
| გამოცემის, წარმოების, დისტრიბუციის... სახელწოდება | შოთა რუსთაველის სახ. უნ–ტი, |
| გამოცემის, წარმოების, დისტრიბუციის... თარიღი | 2013. |
| 300 ## - ფიზიკური აღწერა | |
| Extent | 337 გვ.; |
| Other physical details | 21 სმ. |
| 653 ## - INDEX TERM--UNCONTROLLED | |
| Uncontrolled term | ფსიქოლოგია |
| 700 ## - ADDED ENTRY--PERSONAL NAME | |
| Personal name | ბარამიძე, ნოდარ |
| Relator term | რედაქტორი |
| 9 (RLIN) | 6006 |
| 700 ## - ADDED ENTRY--PERSONAL NAME | |
| Personal name | ჩაგანავა, გურამ |
| 9 (RLIN) | 6007 |
| Relator term | რედაქტორი |
| 710 ## - ADDED ENTRY--CORPORATE NAME | |
| Corporate name or jurisdiction name as entry element | საქ. განათლებისა და მეცნიერების სამინისტრო |
| 9 (RLIN) | 2195 |
| 710 ## - ADDED ENTRY--CORPORATE NAME | |
| Corporate name or jurisdiction name as entry element | შოთა რუსთაველის სახელმწ. უნ-ტი |
| Subordinate unit | სოციალურ მეცნიერებათა, ბიზნესისა და სამართალმცოდნეობის ფაკულტეტი. სოციალურ მეცნიერებათა დეპარტამენტი |
| 9 (RLIN) | 6008 |
| 942 ## - ADDED ENTRY ELEMENTS (KOHA) | |
| Koha item type | წიგნი |
| Source of classification or shelving scheme | |
| ჩამოწერის სტატუსი | დაკარგული ეგზემპლარის სტატუსი | კლასიფიკაციის წყარო ან თაროზე გაწყობის სქემა | დაზიანების სტატუსი | არ გაიცემა | მუდმივი მდებარეობა (დაცვის ადგილი) | ამჟამინდელი ადგილსამყოფელი | თაროზე განთავსების ადგილი | შეძენის თარიღი | ღირებულება, შესყიდვის ნორმალური ფასი | სრული შენახვის შიფრი | შტრიხკოდი | ბოლო ოპერაციის თარიღი | ეგზემპლარის მიმდევრობითი ნომერი (კეტერი?) | ფასის ძალაში შესვლის თარიღი | ეგზემპლარის სახეობა | საჯარო შენიშვნა | პერიოდიკის ნუმერაცია / ქრონოლოგია |
|---|---|---|---|---|---|---|---|---|---|---|---|---|---|---|---|---|---|
| ბათუმის შოთა რუსთაველის სახელმწიფო უნივერსიტეტის მთავარი ბიბლიოთეკა | ბათუმის შოთა რუსთაველის სახელმწიფო უნივერსიტეტის მთავარი ბიბლიოთეკა | წიგნსაცავი | 2018-12-17 | 10.99 | 159.9.07 ფ–96 | 7269 | 2018-12-17 | 7269 | 2018-12-17 | წიგნი | 10 ლ. 99 თ. | ||||||
| ბათუმის შოთა რუსთაველის სახელმწიფო უნივერსიტეტის მთავარი ბიბლიოთეკა | ბათუმის შოთა რუსთაველის სახელმწიფო უნივერსიტეტის მთავარი ბიბლიოთეკა | წიგნსაცავი | 2018-12-17 | 10.99 | 159.9.07 ფ–96 | 7270 | 2018-12-17 | 7270 | 2018-12-17 | წიგნი | 10 ლ. 99 თ. | ||||||
| ბათუმის შოთა რუსთაველის სახელმწიფო უნივერსიტეტის მთავარი ბიბლიოთეკა | ბათუმის შოთა რუსთაველის სახელმწიფო უნივერსიტეტის მთავარი ბიბლიოთეკა | წიგნსაცავი | 2018-12-17 | 10.00 | 159.9.07 ფ–96 | 7271 | 2018-12-17 | 7271 | 2018-12-17 | წიგნი | 10 ლ. 99 თ. | ||||||
| ბათუმის შოთა რუსთაველის სახელმწიფო უნივერსიტეტის მთავარი ბიბლიოთეკა | ბათუმის შოთა რუსთაველის სახელმწიფო უნივერსიტეტის მთავარი ბიბლიოთეკა | წიგნსაცავი | 2018-12-17 | 5.00 | 159.9.07 ფ–96 | 7272 | 2018-12-17 | 7272 | 2018-12-17 | წიგნი | 10 ლ. 99 თ. | ||||||
| ბათუმის შოთა რუსთაველის სახელმწიფო უნივერსიტეტის მთავარი ბიბლიოთეკა | ბათუმის შოთა რუსთაველის სახელმწიფო უნივერსიტეტის მთავარი ბიბლიოთეკა | წიგნსაცავი | 2018-12-17 | 159.9.07 ფ–96 | 7273 | 2018-12-17 | 7273 | 2018-12-17 | წიგნი | 10 ლ. 99 თ. | 5. 00 | ||||||
| ბათუმის შოთა რუსთაველის სახელმწიფო უნივერსიტეტის მთავარი ბიბლიოთეკა | ბათუმის შოთა რუსთაველის სახელმწიფო უნივერსიტეტის მთავარი ბიბლიოთეკა | წიგნსაცავი | 2018-12-17 | 5.00 | 159.9.07 ფ–96 | 55392 | 2018-12-17 | 55392 | 2018-12-17 | წიგნი | 5 ლ. | ||||||
| ბათუმის შოთა რუსთაველის სახელმწიფო უნივერსიტეტის მთავარი ბიბლიოთეკა | ბათუმის შოთა რუსთაველის სახელმწიფო უნივერსიტეტის მთავარი ბიბლიოთეკა | წიგნსაცავი | 2018-12-17 | 5.00 | 159.9.07 ფ–96 | 55394 | 2018-12-17 | 55394 | 2018-12-17 | წიგნი | 5 ლ. | ||||||
| ბათუმის შოთა რუსთაველის სახელმწიფო უნივერსიტეტის მთავარი ბიბლიოთეკა | ბათუმის შოთა რუსთაველის სახელმწიფო უნივერსიტეტის მთავარი ბიბლიოთეკა | წიგნსაცავი | 2018-12-17 | 5.00 | 159.9.07 ფ–96 | 55393 | 2018-12-17 | 55393 | 2018-12-17 | წიგნი | 5 ლ. |
